000 00348 a2200145 4500
005 20250613084754.0
020 _a0-273-03967-9
082 _a332.1068 COU
100 _aCOULT, H
245 _aManagement in Banking
250 _a2nd Ed.
260 _aLondon
_bLongman
_c1992.
300 _aix,242p.: ill.;pictures
_bIndex
_c24.5cm
942 _2ddc
_cBKS
999 _c3680
_d3680